| 000 | 00552nam a2200217 a 4500 | ||
|---|---|---|---|
| 001 | BRCA_6511 | ||
| 005 | 20190320205503.0 | ||
| 008 | 270911s1905----gw-#######---#000-0#ger-# | ||
| 041 | _ager | ||
| 044 | _agw | ||
| 050 | 4 |
_aPT2432 _b.S4 H34 _c1905 |
|
| 100 | 1 |
_aMeyer, Conrad Ferdinand _d1825-1898 _916265 |
|
| 245 | 1 | 0 |
_aDer Schuss von der Kanzel _cConrad Ferdinand Meyer. |
| 250 | _a8 | ||
| 260 |
_aLeipzig _bH. Haessel _c1905 |
||
| 300 |
_a95 p. _c18 cm. |
||
| 500 | _aL47 | ||
| 650 | 1 | 4 |
_aLiteratura suiza _914922 |
| 902 | _aGFM | ||
| 942 |
_2lcc _cB |
||
| 999 |
_c6195 _d6195 |
||